• 首页
  • 本馆介绍
  • 公告通知
  • 最新文献
  • 馆藏检索
  • 电子资源
  • 读者导购
  • 参考咨询
  • 我的图书馆
  • 登录
  • 详细信息显示
  • 放入我的书架
  • 预约/预借图书
  • 作者相关作品
  • 分类相关作品
  • 丛书相关作品
  • 出版社相关作品

书目信息

  • 表格格式
  • 工作单格式
  • 卡片格式
题名:
法律常识手册
    
 
作者: 金默生 编
分册:  
出版信息: 北京   中国青年出版社  1979
页数: 218页
开本: 19cm
丛书名:
单 册:
中图分类: D920.5 , D-62
科图分类:
主题词: 法律--基本知识--中国 , 政治
电子资源:
ISBN:
000 00618nam0 2200241 45
001 1538323567
005 20150208095450.95
010    @dCNY0.23
091    @aCN@b3009.213
100    @a19950714d1979 em y0chiy0121 ea
101 0  @achi
102    @aCN@b110000
105    @ay zn 000yy
200 10 @a法律常识手册@Afa lv chang shi shou ce@f金默生等编写
210    @a北京@c中国青年出版社@d1979
215    @a218页@d19cm
606    @a法律@x基本知识@y中国
606 0  @a政治
690    @aD920.5@v3
690    @aD-62@v4
701  0 @a金默生@Ajin mo sheng@4编
801  0 @aCN@bTSSF@c20150208
905    @aZUCC@dD-62@eJY11
    
    法律常识手册/金默生等编写.-北京:中国青年出版社,1979
    218页;19cm
    
    
    ISBN :CNY0.23
    
●
相关链接 在E读中查询图书 在五车中查询图书 在当当中查询图书 在豆瓣中查询图书


正题名:法律常识手册     索取号:D-62/JY11         预约/预借

序号 登录号 条形码 馆藏地/架位号 状态 备注
1 7852808   278528087   学院路分馆/ [索取号:D-62/JY11] 在馆    
唐山师范学院图书馆 欢迎您!
大连网信软件有限公司© 版权所有